|
|
|
|
| LEADER |
00000nam0a2200000 4500 |
| 001 |
160524 |
| 005 |
20231101222208.0 |
| 010 |
|
|
|a 5222097005
|
| 035 |
|
|
|a (RuTPU)RU\TPU\book\174071
|
| 035 |
|
|
|a RU\TPU\book\135221
|
| 090 |
|
|
|a 160524
|
| 100 |
|
|
|a 20090525d2006 m y0rusy50 ca
|
| 101 |
0 |
|
|a rus
|
| 102 |
|
|
|a RU
|
| 105 |
|
|
|a a j 001zy
|
| 200 |
1 |
|
|a Предпринимательство
|e учебное пособие
|f Е. А. Замедлина
|
| 210 |
|
|
|a Ростов-на-Дону
|c Феникс
|d 2006
|
| 215 |
|
|
|a 288 с.
|c ил.
|
| 225 |
1 |
|
|a Высшее образование
|
| 320 |
|
|
|a Библиографический список: с. 286.
|
| 330 |
|
|
|a В учебном пособии раскрываются сущность предпринимательства и его формы, правила составления бизнес-плана, механизмы ценообразования и налогообложения предпринимательской деятельности, а также основные организационно-правовые формы. Для студентов, преподавателей и всех, занимающихся предпринимательской деятельностью.
|
| 606 |
1 |
|
|a Предпринимательство
|x Теория
|2 stltpush
|3 (RuTPU)RU\TPU\subj\36673
|9 57969
|
| 610 |
1 |
|
|a экономика
|
| 610 |
1 |
|
|a история
|
| 610 |
1 |
|
|a бизнес
|
| 610 |
1 |
|
|a производственное предпринимательство
|
| 610 |
1 |
|
|a коммерческое предпринимательство
|
| 610 |
1 |
|
|a финансовое предпринимательство
|
| 610 |
1 |
|
|a консалтинг
|
| 610 |
1 |
|
|a международное предпринимательство
|
| 610 |
1 |
|
|a бизнес-планы
|
| 610 |
1 |
|
|a товар
|
| 610 |
1 |
|
|a ценообразование
|
| 610 |
1 |
|
|a налогообложение
|
| 610 |
1 |
|
|a организация труда
|
| 610 |
1 |
|
|a управление
|
| 610 |
1 |
|
|a правовые основы
|
| 610 |
1 |
|
|a учебные пособия
|
| 686 |
|
|
|a У012.12я73
|v LBC/SL-A
|2 rubbk
|
| 700 |
|
1 |
|a Замедлина
|b Е. А.
|g Елена Александровна
|
| 801 |
|
1 |
|a RU
|b 63413507
|c 20071109
|g PSBO
|
| 801 |
|
2 |
|a RU
|b 63413507
|c 20150825
|g PSBO
|
| 900 |
|
|
|a Предпринимательство
|
| 942 |
|
|
|c BK
|
| 952 |
|
|
|l 6
|
| 959 |
|
|
|a 51/20090420
|d 5
|e 0
|f УФ:5
|